El imaginario en el mito clásico: VI jornada
Guardat en:
| Autor principal: | |
|---|---|
| Format: | Llibre |
| Idioma: | espanyol |
| Publicat: |
Buenos Aires
Academia Nacional de Ciencias
2006
Buenos Aires Centro de Estudios del Imaginario 2006 |
| Edició: | 1a. ed |
| Matèries: | |
| Etiquetes: |
Afegir etiqueta
Sense etiquetes, Sigues el primer a etiquetar aquest registre!
|
MARC
| LEADER | 00000cam a2200000 a 4500 | ||
|---|---|---|---|
| 001 | UCE5053 | ||
| 003 | CL-VaPUC | ||
| 008 | 141127e20060000ag |||||||||||||||||spa|d | ||
| 020 | |a 9785370606 | ||
| 020 | |a 9789875370609 | ||
| 082 | 0 | 4 | |a 291.13 |b BAU |2 21 |
| 100 | 0 | |a Bauzá, Hugo Francisco |e author |9 577545 | |
| 245 | 1 | 3 | |a El imaginario en el mito clásico: VI jornada |
| 250 | |a 1a. ed | ||
| 300 | |a 152 p | ||
| 942 | |c BK | ||
| 945 | |d 20141127 16:34:00 |a arojas | ||
| 260 | |a Buenos Aires |b Academia Nacional de Ciencias |c 2006 | ||
| 260 | |a Buenos Aires |b Centro de Estudios del Imaginario |c 2006 | ||
| 650 | 0 | |a Mitología |9 255719 | |
| 650 | 0 | |a Creencia Religiosa |9 316904 | |
| 650 | 0 | |a Mitología griega |9 265313 | |
| 650 | 7 | |a LEYENDAS |2 CL-VaPUC |9 265258 | |
| 583 | |a last modification |c 20141127 16:34:00 |k Rodrigo Vera | ||
| 999 | |c 357876 |d 357874 | ||
| 952 | |0 0 |1 0 |3 erb |4 0 |6 291_130000000000000_BAU_2006_2006 |7 0 |8 A |9 466005 |a BIBHIS |b BIBHIS |i 5127211 |o 291.13 BAU 2006 2006 |p 5127211 |r 2025-01-20 |w 2019-11-23 |y BK |z Catalogado en:20141127 |k HIS | ||
| 952 | |0 0 |1 0 |3 erb |4 0 |6 291_130000000000000_BAU_2006_2006 |7 0 |8 A |9 466006 |a FDOLAF |b FDOLAF |e Laffi, Umberto, 1939- |i 539189K |o 291.13 BAU 2006 2006 |p 539189K |r 2024-01-30 |w 2019-11-23 |y BK |z Catalogado en:20170527 |k LAF | ||